| 000 | 00825nas a2200277 4500 | ||
|---|---|---|---|
| 001 | BR0400272 | ||
| 003 | BR-BrBNA | ||
| 005 | 20231205104236.0 | ||
| 007 | ta | ||
| 008 | 230509b bl.|||p| |||| 00| 00por d | ||
| 040 |
_aBR-BrBNA _bpor _cBiblioteca Nacional de Agricultura |
||
| 041 | _a(Pt) | ||
| 072 | _aA50 | ||
| 100 | 1 | _aPerecin, M.B. | |
| 100 | 1 | _aBovi, O.A. | |
| 100 | 1 | _aMaia, N.B. | |
| 245 | 1 | _aPesquisa com plantas aromáticas, medicinais e corantes: o papel do Instituto Agronômico | |
| 650 | _aPLANTA AROMÁTICA | ||
| 650 | _aPLANTA MEDICINAL | ||
| 650 | _aPLANTA CORANTE | ||
| 650 | _aPESQUISA AGRÍCOLA | ||
| 650 | _aCOMERCIALIZAÇÃO | ||
| 773 | 0 |
_tAgronômico (Brazil) _xISSN 0365-2726 _g(2002), v. 54(2) p. 21-24 _wBR0400272 |
|
| 909 |
_a202311 _bLúcia _c55 _dLúcia Elande |
||
| 942 |
_2AGRIS _n0 _cANA |
||
| 999 |
_c177123 _d177123 |
||